000 01004naa a22002777a 4500
001 BR8106944
003 BR-BrBNA
005 20240918175042.0
007 ta
008 230509b bl.||||| |||| 00| 0 por d
040 _aBR-BrBNA
_bpor
_cBiblioteca Nacional de Agricultura
041 _a(Pt)
072 _aF27
_b0120
_b1410
_bG514
090 _aF27 BR8106944
100 1 _aEspindola, E.A.
111 1 _a26. Reuniao Tecnica Anual do Milho
_cPorto Alegre, RS (Brazil)
_d11 Aug 1981
245 1 _aConsorciacao do milho e feijao [Zea mays, Phaseolus vulgaris, Brasil]
260 3 _aPorto Alegre, RS (Brasil):
_c1981.
500 _aAta da 26. Reuniao Tecnica Anual do Milho Porto Alegre, RS (Brasil): 1981. p. 144-145 (BR8106944-AM)F27
650 _aCONSORCIACAO DE CULTURA
650 _aMILHO
650 _aFEIJAO
773 0 _tAta da 26. Reuniao Tecnica Anual do Milho
_wF27 BR8106944
_gPorto Alegre, RS (Brasil), 1981. p. 144-145
909 _a202404
_bLucia
_c55
_dLucia Elande
942 _cAM
_2AGRIS
999 _c314733
_d314733